| 000 | 01164nam a2200301Ia 4500 | ||
|---|---|---|---|
| 005 | 20220317001849.0 | ||
| 008 | 170410s2014 a g 000 0 s | ||
| 020 | _a9789876293709 | ||
| 041 | _aspa | ||
| 082 | 0 | 4 |
_a190 _bF68o |
| 100 | 1 |
_aFoucault, Michel _d1926-1984 |
|
| 245 | 1 | 0 |
_aObrar mal, decir la verdad _bfunción de la confesión en la justicia _bcurso de lovaina, 1981 _cMichel Foucault ; edición original establecida por Fabienne Brion y Bernard E. Harcourt ; edición en español al cuidado de Edgardo Castro ; traducción Horacio Pons |
| 250 | _a1a. edición | ||
| 300 |
_a360 páginas _c23 cm |
||
| 500 | _aIncluye índice de nombres y de términos | ||
| 534 | _tMal faire dire vrai, foction de l'aveu en justice | ||
| 650 | 1 | 4 |
_2LEMB _aConfesión (derecho) |
| 650 | 1 | 4 |
_2LEMB _aFilosofía del derecho |
| 650 | 1 | 4 |
_2LEMB _aVerdad |
| 650 | 1 | 4 |
_2LEMB _aJusticia |
| 700 | 1 |
_aPons, Horacio _etraductor _978103 |
|
| 942 |
_2ddc _cBK |
||
| 264 |
_aBuenos Aires _bSiglo Veintiuno _c2014 |
||
| 336 |
_atexto _btxt _2rdacontent |
||
| 337 |
_asin mediación _bn _2rdamedia |
||
| 338 |
_avolumen _bnc _2rdacarrier |
||
| 040 |
_aCO-BoRNBP _bspa _erda _cCO-BoRNBP |
||
| 999 |
_c8347 _d8347 |
||